000 00603nam a2200193Ia 4500
003 LDD
008 190117s9999 xx 000 0 und d
020 _c₹105
040 _cLDD
041 _ahi
082 _a8h7.7 प6474आ
100 _aपरसाई, हरि
245 0 _aअवारा मीर के खतरे
_cहरि परसाई
260 _aनई दिल्ली
_bवाणी राजकमल
_c1998
300 _a173
901 _aRAJ
904 _aReqst by : सत्यकाम
942 _2ddc
_cH
999 _c162909
_d162909